[Event "Stay Safe Play From Home 328"]
[Site "Mustafa Kemal Atatürk"]
[Date "2020.07.24"]
[Round "8"]
[White "SoulofWolf"]
[Black "BrainThinker22"]
[Result "0-1"]
[WhiteElo "2147"]
[BlackElo "2362"]
[Annotator "NA"]
[PlyCount "88"]
[EventDate "2020.07.24"]
[EventType "swiss (blitz)"]

1. d4 {[%emt 0:00:01]} c5 {[%emt 0:00:01]} 2. c3 {[%emt 0:00:00]} cxd4 {[%emt 0:00:00]} 3. Nf3 {[%emt 0:00:00]} dxc3 {[%emt 0:00:01]} 4. Nxc3 {[%emt 0:00:00]} Nc6 {[%emt 0:00:00]} 5. Bg5 {[%emt 0:00:00]} Nf6 {[%emt 0:00:01]} 6. e4 {[%emt 0:00:01]} g6 {[%emt 0:00:00]} 7. e5 {[%emt 0:00:01]} Ng4 {[%emt 0:00:01]} 8. Qe2 {[%emt 0:00:03]} Qa5 {[%emt 0:00:02]} 9. Bd2 {[%emt 0:00:01]} Ngxe5 {[%emt 0:00:01]} 10. Ng5 {[%emt 0:00:03]} h6 {[%emt 0:00:04]} 11. Nge4 {[%emt 0:00:01]} Bg7 {[%emt 0:00:02]} 12. f4 {[%emt 0:00:01]} Nd4 {[%emt 0:00:01]} 13. Qd1 {[%emt 0:00:07]} Nec6 {[%emt 0:00:01]} 14. Bd3 {[%emt 0:00:02]} O-O {[%emt 0:00:03]} 15. O-O {[%emt 0:00:00]} Qb6 {[%emt 0:00:01]} 16. Kh1 {[%emt 0:00:01]} Nf5 {[%emt 0:00:03]} 17. g4 {[%emt 0:00:01]} Ne3 {[%emt 0:00:01]} 18. Bxe3 {[%emt 0:00:01]} Qxe3 {[%emt 0:00:00]} 19. Rf3 {[%emt 0:00:01]} Qb6 {[%emt 0:00:03]} 20. Nd5 {[%emt 0:00:00]} Qd8 {[%emt 0:00:01]} 21. Rc1 {[%emt 0:00:02]} e6 {[%emt 0:00:01]} 22. Ndc3 {[%emt 0:00:01]} d5 {[%emt 0:00:00]} 23. Ng3 {[%emt 0:00:01]} Nd4 {[%emt 0:00:01]} 24. Rf1 {[%emt 0:00:01]} Qh4 {[%emt 0:00:01]} 25. Bb1 {[%emt 0:00:05]} e5 {[%emt 0:00:01]} 26. f5 {[%emt 0:00:01]} gxf5 {[%emt 0:00:04]} 27. gxf5 {[%emt 0:00:00]} e4 {[%emt 0:00:01]} 28. Nxd5 {[%emt 0:00:02]} Be5 {[%emt 0:00:01]} 29. Rg1 {[%emt 0:00:03]} Kh8 {[%emt 0:00:03]} 30. Rc4 {[%emt 0:00:03]} Bxf5 {[%emt 0:00:01]} 31. Rxd4 {[%emt 0:00:01]} Bg4 {[%emt 0:00:02]} 32. Qd2 {[%emt 0:00:01]} Bf3+ {[%emt 0:00:01]} 33. Rg2 {[%emt 0:00:01]} Bxg3 {[%emt 0:00:01]} 34. Kg1 {[%emt 0:00:01]} Bxg2 {[%emt 0:00:01]} 35. Kxg2 {[%emt 0:00:01]} Qxh2+ {[%emt 0:00:01]} 36. Kf1 {[%emt 0:00:02]} Qh1+ {[%emt 0:00:00]} 37. Ke2 {[%emt 0:00:00]} Qg2+ {[%emt 0:00:00]} 38. Kd1 {[%emt 0:00:00]} Qf1+ {[%emt 0:00:00]} 39. Kc2 {[%emt 0:00:01]} Rac8+ {[%emt 0:00:01]} 40. Kb3 {[%emt 0:00:01]} Qb5+ {[%emt 0:00:01]} 41. Ka3 {[%emt 0:00:02]} Bd6+ {[%emt 0:00:03]} 42. b4 {[%emt 0:00:02]} Qa5+ {[%emt 0:00:01]} 43. Kb2 {[%emt 0:00:01]} Bxb4 {[%emt 0:00:02]} 44. Nxb4 {[%emt 0:00:01]} Qxb4+ {[%emt 0:00:01] Czas partii (Lag: Av=0.40s, max=0.8s)} 0-1

[Event "Stay Safe Play From Home 328"]
[Site "Mustafa Kemal Atatürk"]
[Date "2020.07.24"]
[Round "8"]
[White "Lazieri3"]
[Black "Greblha"]
[Result "1-0"]
[WhiteElo "2064"]
[BlackElo "1914"]
[Annotator "NA"]
[PlyCount "127"]
[EventDate "2020.07.24"]
[EventType "swiss (blitz)"]

1. e4 {[%emt 0:00:01]} c6 {[%emt 0:00:00]} 2. d4 {[%emt 0:00:01]} d5 {[%emt 0:00:00]} 3. exd5 {[%emt 0:00:00]} cxd5 {[%emt 0:00:01]} 4. c3 {[%emt 0:00:00]} Nc6 {[%emt 0:00:01]} 5. Nf3 {[%emt 0:00:00]} g6 {[%emt 0:00:01]} 6. Be3 {[%emt 0:00:01]} Bg7 {[%emt 0:00:01]} 7. Bd3 {[%emt 0:00:01]} Nh6 {[%emt 0:00:01]} 8. h3 {[%emt 0:00:01]} O-O {[%emt 0:00:00]} 9. Qd2 {[%emt 0:00:01]} Nf5 {[%emt 0:00:01]} 10. Bxf5 {[%emt 0:00:01]} Bxf5 {[%emt 0:00:02]} 11. Bh6 {[%emt 0:00:00]} e5 {[%emt 0:00:02]} 12. Bxg7 {[%emt 0:00:01]} Kxg7 {[%emt 0:00:01]} 13. dxe5 {[%emt 0:00:00]} Re8 {[%emt 0:00:05]} 14. O-O {[%emt 0:00:01]} Nxe5 {[%emt 0:00:01]} 15. Qd4 {[%emt 0:00:02]} f6 {[%emt 0:00:01]} 16. Nxe5 {[%emt 0:00:01]} fxe5 {[%emt 0:00:02]} 17. Qb4 {[%emt 0:00:00]} a5 {[%emt 0:00:02]} 18. Qxb7+ {[%emt 0:00:02]} Re7 {[%emt 0:00:00]} 19. Qb5 {[%emt 0:00:04]} Rb8 {[%emt 0:00:01]} 20. Qe2 {[%emt 0:00:01]} e4 {[%emt 0:00:02]} 21. Rd1 {[%emt 0:00:01]} Be6 {[%emt 0:00:02]} 22. Na3 {[%emt 0:00:01]} Reb7 {[%emt 0:00:01]} 23. Rd2 {[%emt 0:00:02]} Qf6 {[%emt 0:00:01]} 24. Rad1 {[%emt 0:00:02]} a4 {[%emt 0:00:02]} 25. c4 {[%emt 0:00:03]} dxc4 {[%emt 0:00:01]} 26. Nxc4 {[%emt 0:00:00]} Bxc4 {[%emt 0:00:01]} 27. Qxc4 {[%emt 0:00:00]} Rxb2 {[%emt 0:00:01]} 28. Rxb2 {[%emt 0:00:01]} Rxb2 {[%emt 0:00:02]} 29. Rd7+ {[%emt 0:00:03]} Kh6 {[%emt 0:00:01]} 30. Qc1+ {[%emt 0:00:01]} g5 {[%emt 0:00:00]} 31. Qe1 {[%emt 0:00:05]} Qf5 {[%emt 0:00:05]} 32. Rd6+ {[%emt 0:00:04]} Kg7 {[%emt 0:00:02]} 33. Qe3 {[%emt 0:00:02]} Rb1+ {[%emt 0:00:03]} 34. Kh2 {[%emt 0:00:02]} Qe5+ {[%emt 0:00:01]} 35. Qg3 {[%emt 0:00:00]} Qxg3+ {[%emt 0:00:01]} 36. Kxg3 {[%emt 0:00:00]} Rb2 {[%emt 0:00:01]} 37. Re6 {[%emt 0:00:02]} Rxa2 {[%emt 0:00:01]} 38. Rxe4 {[%emt 0:00:01]} a3 {[%emt 0:00:00]} 39. Ra4 {[%emt 0:00:01]} Ra1 {[%emt 0:00:01]} 40. f3 {[%emt 0:00:01]} a2 {[%emt 0:00:01]} 41. Kg4 {[%emt 0:00:00]} h6 {[%emt 0:00:02]} 42. Ra6 {[%emt 0:00:01]} Kf7 {[%emt 0:00:02]} 43. Kh5 {[%emt 0:00:01]} Kg7 {[%emt 0:00:00]} 44. Ra7+ {[%emt 0:00:01]} Kf6 {[%emt 0:00:01]} 45. Kxh6 {[%emt 0:00:00]} Kf5 {[%emt 0:00:00]} 46. Kh5 {[%emt 0:00:00]} Kf4 {[%emt 0:00:00]} 47. Ra4+ {[%emt 0:00:01]} Kg3 {[%emt 0:00:00]} 48. Kxg5 {[%emt 0:00:00]} Kf2 {[%emt 0:00:00]} 49. h4 {[%emt 0:00:00]} Kxg2 {[%emt 0:00:00]} 50. f4 {[%emt 0:00:00]} Kf3 {[%emt 0:00:01]} 51. Kh6 {[%emt 0:00:01]} Rb1 {[%emt 0:00:01]} 52. Rxa2 {[%emt 0:00:01]} Rb6+ {[%emt 0:00:00]} 53. Kg5 {[%emt 0:00:00]} Rb7 {[%emt 0:00:00]} 54. f5 {[%emt 0:00:00]} Rb5 {[%emt 0:00:00]} 55. Kf6 {[%emt 0:00:00]} Ke4 {[%emt 0:00:01]} 56. Kg5 {[%emt 0:00:00]} Rb6 {[%emt 0:00:00]} 57. Kg4 {[%emt 0:00:00]} Ke5 {[%emt 0:00:00]} 58. Re2+ {[%emt 0:00:00]} Kf6 {[%emt 0:00:00]} 59. Re6+ {[%emt 0:00:00]} Kf7 {[%emt 0:00:01]} 60. Rf6+ {[%emt 0:00:01]} Kg7 {[%emt 0:00:00]} 61. Kg5 {[%emt 0:00:00]} Rb4 {[%emt 0:00:00]} 62. h5 {[%emt 0:00:00]} Rc4 {[%emt 0:00:00]} 63. h6+ {[%emt 0:00:00]} Kg8 {[%emt 0:00:00]} 64. Rf7 {[%emt 0:00:00] (Lag: Av=0.71s, max=2.2s)} 1-0

[Event "Stay Safe Play From Home 328"]
[Site "Mustafa Kemal Atatürk"]
[Date "2020.07.24"]
[Round "8"]
[White "Stefanone"]
[Black "Little champs"]
[Result "0-1"]
[WhiteElo "2053"]
[BlackElo "2340"]
[PlyCount "40"]
[EventDate "2020.07.24"]
[EventType "swiss (blitz)"]

1. d4 {[%emt 0:00:01]} Nf6 {[%emt 0:00:02]} 2. e3 {[%emt 0:00:00]} e6 {[%emt 0:00:01]} 3. f4 {[%emt 0:00:00]} d5 {[%emt 0:00:00]} 4. Nf3 {[%emt 0:00:00]} Be7 {[%emt 0:00:00]} 5. Bd3 {[%emt 0:00:00]} O-O {[%emt 0:00:00]} 6. Qe2 {[%emt 0:00:00]} c5 {[%emt 0:00:00]} 7. c3 {[%emt 0:00:00]} Nc6 {[%emt 0:00:00]} 8. Nbd2 {[%emt 0:00:01]} a6 {[%emt 0:00:00]} 9. Ne5 {[%emt 0:00:01]} Qc7 {[%emt 0:00:01]} 10. O-O {[%emt 0:00:01]} b5 {[%emt 0:00:00]} 11. Rf3 {[%emt 0:00:01]} Bb7 {[%emt 0:00:00]} 12. g4 {[%emt 0:00:01]} g6 {[%emt 0:00:01]} 13. g5 {[%emt 0:00:01]} Nxe5 {[%emt 0:00:01]} 14. gxf6 {[%emt 0:00:01]} Nxf3+ {[%emt 0:00:01]} 15. Nxf3 {[%emt 0:00:00]} Bxf6 {[%emt 0:00:01]} 16. Ne5 {[%emt 0:00:00]} Bxe5 {[%emt 0:00:00]} 17. fxe5 {[%emt 0:00:00]} f6 {[%emt 0:00:01]} 18. exf6 {[%emt 0:00:01]} Rxf6 {[%emt 0:00:00]} 19. Bd2 {[%emt 0:00:01]} Raf8 {[%emt 0:00:00]} 20. Rf1 {[%emt 0:00:01]} Rxf1+ {[%emt 0:00:01] Stefanone abbandona (Lag: Av=0.62s, max=1.5s)} 0-1

[Event "Stay Safe Play From Home 328"]
[Site "Mustafa Kemal Atatürk"]
[Date "2020.07.24"]
[Round "8"]
[White "NeatFox"]
[Black "Meini"]
[Result "1-0"]
[WhiteElo "1843"]
[BlackElo "1507"]
[Annotator "NA"]
[PlyCount "31"]
[EventDate "2020.07.24"]
[EventType "swiss (blitz)"]

1. g4 {[%emt 0:00:01]} c6 {[%emt 0:00:01]} 2. Bg2 {[%emt 0:00:00]} d5 {[%emt 0:00:01]} 3. c4 {[%emt 0:00:00]} Bxg4 {[%emt 0:00:01]} 4. cxd5 {[%emt 0:00:00]} cxd5 {[%emt 0:00:02]} 5. Qb3 {[%emt 0:00:00]} Qb6 {[%emt 0:00:04]} 6. Bxd5 {[%emt 0:00:03]} e6 {[%emt 0:00:02]} 7. Bxb7 {[%emt 0:00:04]} Nd7 {[%emt 0:00:06]} 8. Bxa8 {[%emt 0:00:01]} Qa5 {[%emt 0:00:02]} 9. Bc6 {[%emt 0:00:03]} Ngf6 {[%emt 0:00:02]} 10. Bxd7+ {[%emt 0:00:00]} Nxd7 {[%emt 0:00:02]} 11. Nc3 {[%emt 0:00:00]} Be7 {[%emt 0:00:02]} 12. Qb5 {[%emt 0:00:02]} Qc7 {[%emt 0:00:02]} 13. Nf3 {[%emt 0:00:01]} O-O {[%emt 0:00:01]} 14. Rg1 {[%emt 0:00:01]} Ne5 {[%emt 0:00:01]} 15. Nxe5 {[%emt 0:00:01]} Qxe5 {[%emt 0:00:02]} 16. Rxg4 {[%emt 0:00:01] Meini gibt auf (Lag: Av=0.43s, max=1.0s)} 1-0

[Event "Stay Safe Play From Home 328"]
[Site "Mustafa Kemal Atatürk"]
[Date "2020.07.24"]
[Round "8"]
[White "Padmaesh M K"]
[Black "Trotsky"]
[Result "0-1"]
[WhiteElo "1738"]
[BlackElo "1631"]
[Annotator "NA"]
[PlyCount "54"]
[EventDate "2020.07.24"]
[EventType "swiss (blitz)"]

1. Nf3 {[%emt 0:00:01]} d5 {[%emt 0:00:01]} 2. g3 {[%emt 0:00:00]} e6 {[%emt 0:00:00]} 3. Bg2 {[%emt 0:00:00]} c5 {[%emt 0:00:00]} 4. c4 {[%emt 0:00:01]} Nc6 {[%emt 0:00:01]} 5. cxd5 {[%emt 0:00:01]} exd5 {[%emt 0:00:01]} 6. d4 {[%emt 0:00:00]} Be6 {[%emt 0:00:01]} 7. dxc5 {[%emt 0:00:01]} Bxc5 {[%emt 0:00:01]} 8. e3 {[%emt 0:00:01]} Qc7 {[%emt 0:00:01]} 9. O-O {[%emt 0:00:01]} Bd6 {[%emt 0:00:00]} 10. Nc3 {[%emt 0:00:01]} a6 {[%emt 0:00:02]} 11. Nd4 {[%emt 0:00:02]} h5 {[%emt 0:00:03]} 12. Nxe6 {[%emt 0:00:01]} fxe6 {[%emt 0:00:00]} 13. Bf3 {[%emt 0:00:01]} O-O-O {[%emt 0:00:01]} 14. a4 {[%emt 0:00:04]} Nf6 {[%emt 0:00:01]} 15. Nb5 {[%emt 0:00:02]} Qb8 {[%emt 0:00:01]} 16. Nxd6+ {[%emt 0:00:02]} Qxd6 {[%emt 0:00:01]} 17. Bd2 {[%emt 0:00:00]} h4 {[%emt 0:00:02]} 18. b4 {[%emt 0:00:03]} hxg3 {[%emt 0:00:01]} 19. fxg3 {[%emt 0:00:02]} Rh3 {[%emt 0:00:01]} 20. Bg2 {[%emt 0:00:02]} Rxg3 {[%emt 0:00:02]} 21. hxg3 {[%emt 0:00:01]} Qxg3 {[%emt 0:00:01]} 22. Qe1 {[%emt 0:00:00]} Qd6 {[%emt 0:00:02]} 23. Qh4 {[%emt 0:00:04]} Ne5 {[%emt 0:00:06]} 24. b5 {[%emt 0:00:01]} Neg4 {[%emt 0:00:02]} 25. bxa6 {[%emt 0:00:05]} Kb8 {[%emt 0:00:01]} 26. axb7 {[%emt 0:00:01]} g5 {[%emt 0:00:02]} 27. Qxg5 {[%emt 0:00:04]} Qh2# {[%emt 0:00:01] (Lag: Av=0.32s, max=0.5s)} 0-1

[Event "Stay Safe Play From Home 328"]
[Site "Mustafa Kemal Atatürk"]
[Date "2020.07.24"]
[Round "8"]
[White "Capaeuwekhine"]
[Black "SelamiSahin"]
[Result "0-1"]
[WhiteElo "1702"]
[BlackElo "2101"]
[PlyCount "82"]
[EventDate "2020.07.24"]
[EventType "swiss (blitz)"]

1. d4 {[%emt 0:00:02]} c6 {[%emt 0:00:00]} 2. Nf3 {[%emt 0:00:01]} d5 {[%emt 0:00:00]} 3. e3 {[%emt 0:00:01]} Nf6 {[%emt 0:00:00]} 4. Bd3 {[%emt 0:00:01]} Bg4 {[%emt 0:00:00]} 5. c3 {[%emt 0:00:01]} e6 {[%emt 0:00:00]} 6. O-O {[%emt 0:00:01]} Nbd7 {[%emt 0:00:01]} 7. Nbd2 {[%emt 0:00:01]} Be7 {[%emt 0:00:01]} 8. h3 {[%emt 0:00:01]} Bh5 {[%emt 0:00:01]} 9. Qc2 {[%emt 0:00:02]} Bg6 {[%emt 0:00:01]} 10. Bxg6 {[%emt 0:00:02]} hxg6 {[%emt 0:00:00]} 11. Ne5 {[%emt 0:00:01]} Rc8 {[%emt 0:00:01]} 12. f4 {[%emt 0:00:03]} c5 {[%emt 0:00:01]} 13. Ndf3 {[%emt 0:00:01]} cxd4 {[%emt 0:00:02]} 14. exd4 {[%emt 0:00:02]} Ne4 {[%emt 0:00:01]} 15. Nxd7 {[%emt 0:00:02]} Qxd7 {[%emt 0:00:00]} 16. Nd2 {[%emt 0:00:01]} Nxd2 {[%emt 0:00:03]} 17. Qxd2 {[%emt 0:00:02]} O-O {[%emt 0:00:01]} 18. Qf2 {[%emt 0:00:01]} Qb5 {[%emt 0:00:02]} 19. Be3 {[%emt 0:00:01]} a6 {[%emt 0:00:01]} 20. h4 {[%emt 0:00:01]} a5 {[%emt 0:00:01]} 21. Qf3 {[%emt 0:00:01]} Qxb2 {[%emt 0:00:02]} 22. Rab1 {[%emt 0:00:02]} Qxc3 {[%emt 0:00:01]} 23. Rxb7 {[%emt 0:00:01]} Bf6 {[%emt 0:00:01]} 24. h5 {[%emt 0:00:02]} gxh5 {[%emt 0:00:02]} 25. Rc1 {[%emt 0:00:04]} Qa3 {[%emt 0:00:05]} 26. Rxc8 {[%emt 0:00:02]} Rxc8 {[%emt 0:00:00]} 27. Bf2 {[%emt 0:00:03]} Qxf3 {[%emt 0:00:03]} 28. gxf3 {[%emt 0:00:01]} g6 {[%emt 0:00:01]} 29. Ra7 {[%emt 0:00:01]} Rc4 {[%emt 0:00:01]} 30. Rxa5 {[%emt 0:00:02]} Bxd4 {[%emt 0:00:01]} 31. Bxd4 {[%emt 0:00:02]} Rxd4 {[%emt 0:00:00]} 32. Kg2 {[%emt 0:00:01]} Rxf4 {[%emt 0:00:01]} 33. Kg3 {[%emt 0:00:01]} Rb4 {[%emt 0:00:01]} 34. Ra8+ {[%emt 0:00:01]} Kg7 {[%emt 0:00:01]} 35. a4 {[%emt 0:00:01]} e5 {[%emt 0:00:01]} 36. a5 {[%emt 0:00:01]} Rb3 {[%emt 0:00:01]} 37. a6 {[%emt 0:00:00]} e4 {[%emt 0:00:00]} 38. Kf4 {[%emt 0:00:02]} Rxf3+ {[%emt 0:00:01]} 39. Ke5 {[%emt 0:00:01]} Ra3 {[%emt 0:00:00]} 40. Kd4 {[%emt 0:00:01]} e3 {[%emt 0:00:01]} 41. a7 {[%emt 0:00:01]} e2 {[%emt 0:00:01] Tiempo (Lag: Av=0.90s, max=1.4s)} 0-1

[Event "Stay Safe Play From Home 328"]
[Site "Mustafa Kemal Atatürk"]
[Date "2020.07.24"]
[Round "8"]
[White "Klasman"]
[Black "W Nelles"]
[Result "0-1"]
[WhiteElo "1356"]
[BlackElo "1156"]
[Annotator "NA"]
[PlyCount "42"]
[EventDate "2020.07.24"]
[EventType "swiss (blitz)"]

1. f4 {[%emt 0:00:02]} e6 {[%emt 0:00:02]} 2. c4 {[%emt 0:00:03]} Nf6 {[%emt 0:00:01]} 3. Nf3 {[%emt 0:00:01]} Bc5 {[%emt 0:00:01]} 4. Nc3 {[%emt 0:00:02]} Ng4 {[%emt 0:00:03]} 5. d4 {[%emt 0:00:03]} Bb6 {[%emt 0:00:02]} 6. h3 {[%emt 0:00:03]} Nf6 {[%emt 0:00:03]} 7. e4 {[%emt 0:00:01]} d5 {[%emt 0:00:02]} 8. e5 {[%emt 0:00:01]} Ne4 {[%emt 0:00:02]} 9. cxd5 {[%emt 0:00:03]} Nxc3 {[%emt 0:00:02]} 10. bxc3 {[%emt 0:00:02]} Qxd5 {[%emt 0:00:01]} 11. Ba3 {[%emt 0:00:03]} Nc6 {[%emt 0:00:02]} 12. Rc1 {[%emt 0:00:03]} Bd7 {[%emt 0:00:02]} 13. c4 {[%emt 0:00:02]} Qa5+ {[%emt 0:00:01]} 14. Qd2 {[%emt 0:00:06]} Qxa3 {[%emt 0:00:01]} 15. Kf2 {[%emt 0:00:09]} Nxd4 {[%emt 0:00:07]} 16. Nxd4 {[%emt 0:00:03]} Bxd4+ {[%emt 0:00:01]} 17. Qxd4 {[%emt 0:00:02]} Qxa2+ {[%emt 0:00:01]} 18. Be2 {[%emt 0:00:03]} Rd8 {[%emt 0:00:03]} 19. Rcd1 {[%emt 0:00:02]} c6 {[%emt 0:00:06]} 20. Rd2 {[%emt 0:00:05]} Qa5 {[%emt 0:00:03]} 21. Rhd1 {[%emt 0:00:02]} O-O {[%emt 0:00:03] Time (Lag: Av=0.55s, max=0.9s)} 0-1

[Event "Stay Safe Play From Home 328"]
[Site "Mustafa Kemal Atatürk"]
[Date "2020.07.24"]
[Round "8"]
[White "James Harcourt"]
[Black "Edmatuag"]
[Result "0-1"]
[WhiteElo "1272"]
[BlackElo "1612"]
[Annotator "NA"]
[PlyCount "80"]
[EventDate "2020.07.24"]
[EventType "swiss (blitz)"]

1. e4 {[%emt 0:00:02]} d6 {[%emt 0:00:00]} 2. f4 {[%emt 0:00:01]} c6 {[%emt 0:00:00]} 3. Nf3 {[%emt 0:00:00]} Nd7 {[%emt 0:00:00]} 4. h4 {[%emt 0:00:00]} e5 {[%emt 0:00:00]} 5. Ng5 {[%emt 0:00:00]} exf4 {[%emt 0:00:01]} 6. Nxf7 {[%emt 0:00:00]} Kxf7 {[%emt 0:00:02]} 7. Bc4+ {[%emt 0:00:00]} d5 {[%emt 0:00:02]} 8. exd5 {[%emt 0:00:01]} cxd5 {[%emt 0:00:01]} 9. Bxd5+ {[%emt 0:00:01]} Ke8 {[%emt 0:00:01]} 10. Qh5+ {[%emt 0:00:01]} g6 {[%emt 0:00:01]} 11. Qe2+ {[%emt 0:00:09]} Qe7 {[%emt 0:00:01]} 12. Bf7+ {[%emt 0:00:04]} Kxf7 {[%emt 0:00:01]} 13. Qxe7+ {[%emt 0:00:03]} Nxe7 {[%emt 0:00:00]} 14. O-O {[%emt 0:00:01]} Nf5 {[%emt 0:00:00]} 15. Rxf4 {[%emt 0:00:01]} Bd6 {[%emt 0:00:01]} 16. g4 {[%emt 0:00:01]} Bxf4 {[%emt 0:00:02]} 17. gxf5 {[%emt 0:00:00]} gxf5 {[%emt 0:00:01]} 18. d3 {[%emt 0:00:01]} Rg8+ {[%emt 0:00:00]} 19. Kf2 {[%emt 0:00:03]} Bxc1 {[%emt 0:00:00]} 20. Nc3 {[%emt 0:00:01]} Bxb2 {[%emt 0:00:00]} 21. Rb1 {[%emt 0:00:01]} Bxc3 {[%emt 0:00:00]} 22. Rb3 {[%emt 0:00:01]} Bd4+ {[%emt 0:00:02]} 23. Kf3 {[%emt 0:00:05]} Nc5 {[%emt 0:00:00]} 24. Rb4 {[%emt 0:00:01]} Ne6 {[%emt 0:00:02]} 25. c3 {[%emt 0:00:02]} Bd7 {[%emt 0:00:01]} 26. cxd4 {[%emt 0:00:02]} b6 {[%emt 0:00:01]} 27. d5 {[%emt 0:00:01]} Nc5 {[%emt 0:00:01]} 28. d6 {[%emt 0:00:02]} Nxd3 {[%emt 0:00:02]} 29. Rd4 {[%emt 0:00:02]} Nc5 {[%emt 0:00:00]} 30. Rf4 {[%emt 0:00:01]} Ne6 {[%emt 0:00:00]} 31. Rc4 {[%emt 0:00:04]} Kf6 {[%emt 0:00:01]} 32. Rc7 {[%emt 0:00:01]} Nc5 {[%emt 0:00:01]} 33. Rxd7 {[%emt 0:00:01]} Nxd7 {[%emt 0:00:01]} 34. h5 {[%emt 0:00:01]} Ne5+ {[%emt 0:00:00]} 35. Ke2 {[%emt 0:00:01]} Rg4 {[%emt 0:00:00]} 36. Kd2 {[%emt 0:00:01]} Rh4 {[%emt 0:00:00]} 37. Kc3 {[%emt 0:00:00]} Rg8 {[%emt 0:00:01]} 38. a4 {[%emt 0:00:00]} Rg3+ {[%emt 0:00:01]} 39. Kd2 {[%emt 0:00:01]} Rh2+ {[%emt 0:00:00]} 40. Ke1 {[%emt 0:00:01]} Rg1# {[%emt 0:00:00] Mate} 0-1

[Event "Stay Safe Play From Home 328"]
[Site "Mustafa Kemal Atatürk"]
[Date "2020.07.24"]
[Round "9"]
[White "BrainThinker22"]
[Black "Lazieri3"]
[Result "1-0"]
[WhiteElo "2370"]
[BlackElo "2074"]
[Annotator "NA"]
[PlyCount "115"]
[EventDate "2020.07.24"]
[EventType "swiss (blitz)"]

1. e4 {[%emt 0:00:01]} c6 {[%emt 0:00:00]} 2. Nc3 {[%emt 0:00:00]} d5 {[%emt 0:00:00]} 3. d4 {[%emt 0:00:00]} dxe4 {[%emt 0:00:01]} 4. Nxe4 {[%emt 0:00:00]} Nd7 {[%emt 0:00:01]} 5. Qe2 {[%emt 0:00:02]} Ndf6 {[%emt 0:00:01]} 6. Nxf6+ {[%emt 0:00:01]} Nxf6 {[%emt 0:00:00]} 7. c3 {[%emt 0:00:00]} Bf5 {[%emt 0:00:01]} 8. h3 {[%emt 0:00:01]} e6 {[%emt 0:00:01]} 9. Nf3 {[%emt 0:00:00]} h6 {[%emt 0:00:01]} 10. Bf4 {[%emt 0:00:01]} Bd6 {[%emt 0:00:01]} 11. Bxd6 {[%emt 0:00:01]} Qxd6 {[%emt 0:00:00]} 12. Qd2 {[%emt 0:00:00]} Nd5 {[%emt 0:00:01]} 13. Bd3 {[%emt 0:00:01]} Bxd3 {[%emt 0:00:02]} 14. Qxd3 {[%emt 0:00:00]} O-O {[%emt 0:00:00]} 15. O-O-O {[%emt 0:00:02]} Qf4+ {[%emt 0:00:02]} 16. Qd2 {[%emt 0:00:02]} Qxd2+ {[%emt 0:00:01]} 17. Rxd2 {[%emt 0:00:00]} Rad8 {[%emt 0:00:01]} 18. Re1 {[%emt 0:00:01]} Rfe8 {[%emt 0:00:01]} 19. g3 {[%emt 0:00:01]} Nf6 {[%emt 0:00:01]} 20. Ne5 {[%emt 0:00:01]} Nd7 {[%emt 0:00:01]} 21. Nc4 {[%emt 0:00:02]} Nb6 {[%emt 0:00:01]} 22. Nxb6 {[%emt 0:00:01]} axb6 {[%emt 0:00:00]} 23. Kc2 {[%emt 0:00:00]} b5 {[%emt 0:00:01]} 24. a3 {[%emt 0:00:01]} Rd5 {[%emt 0:00:01]} 25. f4 {[%emt 0:00:01]} Red8 {[%emt 0:00:01]} 26. b3 {[%emt 0:00:04]} h5 {[%emt 0:00:01]} 27. Re5 {[%emt 0:00:02]} g6 {[%emt 0:00:02]} 28. g4 {[%emt 0:00:07]} hxg4 {[%emt 0:00:01]} 29. hxg4 {[%emt 0:00:00]} Kg7 {[%emt 0:00:00]} 30. Rde2 {[%emt 0:00:03]} Kf6 {[%emt 0:00:03]} 31. g5+ {[%emt 0:00:01]} Ke7 {[%emt 0:00:03]} 32. R5e3 {[%emt 0:00:01]} Rh8 {[%emt 0:00:02]} 33. Kd3 {[%emt 0:00:02]} Rh4 {[%emt 0:00:03]} 34. Rf3 {[%emt 0:00:02]} Rh1 {[%emt 0:00:05]} 35. Kc2 {[%emt 0:00:02]} Rf5 {[%emt 0:00:02]} 36. Re5 {[%emt 0:00:03]} Rh2+ {[%emt 0:00:03]} 37. Kd3 {[%emt 0:00:02]} Rxe5 {[%emt 0:00:02]} 38. fxe5 {[%emt 0:00:01]} Rg2 {[%emt 0:00:01]} 39. c4 {[%emt 0:00:01]} bxc4+ {[%emt 0:00:01]} 40. Kxc4 {[%emt 0:00:00]} Rxg5 {[%emt 0:00:01]} 41. Kc5 {[%emt 0:00:00]} f5 {[%emt 0:00:03]} 42. Kb6 {[%emt 0:00:02]} Rg4 {[%emt 0:00:00]} 43. Kxb7 {[%emt 0:00:01]} Rxd4 {[%emt 0:00:00]} 44. Kxc6 {[%emt 0:00:00]} g5 {[%emt 0:00:00]} 45. Rc3 {[%emt 0:00:01]} g4 {[%emt 0:00:00]} 46. b4 {[%emt 0:00:01]} f4 {[%emt 0:00:00]} 47. b5 {[%emt 0:00:00]} f3 {[%emt 0:00:00]} 48. b6 {[%emt 0:00:00]} f2 {[%emt 0:00:01]} 49. Rc1 {[%emt 0:00:00]} Rc4+ {[%emt 0:00:01]} 50. Rxc4 {[%emt 0:00:02]} f1=Q {[%emt 0:00:00]} 51. Rc5 {[%emt 0:00:00]} Qf3+ {[%emt 0:00:01]} 52. Kc7 {[%emt 0:00:00]} g3 {[%emt 0:00:00]} 53. b7 {[%emt 0:00:00]} g2 {[%emt 0:00:01]} 54. b8=Q {[%emt 0:00:00]} g1=Q {[%emt 0:00:00]} 55. Qd8+ {[%emt 0:00:00]} Kf7 {[%emt 0:00:01]} 56. Qd7+ {[%emt 0:00:00]} Kg6 {[%emt 0:00:00]} 57. Qxe6+ {[%emt 0:00:00]} Kh5 {[%emt 0:00:00]} 58. Qh6+ {[%emt 0:00:01] Time} 1-0

[Event "Stay Safe Play From Home 328"]
[Site "Mustafa Kemal Atatürk"]
[Date "2020.07.24"]
[Round "9"]
[White "Lamborghini"]
[Black "Klasman"]
[Result "1-0"]
[WhiteElo "2190"]
[BlackElo "1330"]
[Annotator "NA"]
[PlyCount "37"]
[EventDate "2020.07.24"]
[EventType "swiss (blitz)"]

1. e4 {[%emt 0:00:01]} f5 {[%emt 0:00:01]} 2. exf5 {[%emt 0:00:01]} Nf6 {[%emt 0:00:02]} 3. Ne2 {[%emt 0:00:01]} h5 {[%emt 0:00:03]} 4. Nf4 {[%emt 0:00:01]} d5 {[%emt 0:00:02]} 5. Bd3 {[%emt 0:00:01]} c5 {[%emt 0:00:02]} 6. c3 {[%emt 0:00:02]} Nc6 {[%emt 0:00:02]} 7. O-O {[%emt 0:00:02]} Qd6 {[%emt 0:00:01]} 8. Ng6 {[%emt 0:00:02]} Rh6 {[%emt 0:00:03]} 9. Bc2 {[%emt 0:00:03]} Bd7 {[%emt 0:00:06]} 10. d4 {[%emt 0:00:01]} O-O-O {[%emt 0:00:02]} 11. Bf4 {[%emt 0:00:01]} Rxg6 {[%emt 0:00:11]} 12. Bxd6 {[%emt 0:00:03]} exd6 {[%emt 0:00:03]} 13. fxg6 {[%emt 0:00:01]} Ne4 {[%emt 0:00:04]} 14. f3 {[%emt 0:00:04]} Ng5 {[%emt 0:00:04]} 15. h4 {[%emt 0:00:01]} Ne6 {[%emt 0:00:03]} 16. dxc5 {[%emt 0:00:02]} Nxc5 {[%emt 0:00:06]} 17. Re1 {[%emt 0:00:00]} Be7 {[%emt 0:00:03]} 18. Na3 {[%emt 0:00:00]} Bxh4 {[%emt 0:00:02]} 19. Nb5 {[%emt 0:00:02] Time (Lag: Av=0.46s, max=1.2s)} 1-0